ნორმალური ფორმატი
MARC ფორმატი
ჩანაწერი Corporate Name
ჩანაწერთა რაოდენობა, რომელიც გამოყენებულია: 1
001 - CONTROL NUMBER
- control field: 23660
003 - CONTROL NUMBER IDENTIFIER
- control field: GE_BSU
005 - DATE AND TIME OF LATEST TRANSACTION
- control field: 20241108173017.0
008 - FIXED-LENGTH DATA ELEMENTS
- fixed length control field: 241108|| aca||aabn | a|a d
040 ## - CATALOGING SOURCE
- Original cataloging agency: GE_BSU
- Transcribing agency: GE_BSU
110 ## - HEADING--CORPORATE NAME
- Corporate name or jurisdiction name as entry element: ბათუმის შოთა რუსთაველის სახელობის უნივერსიტეტი
- Subordinate unit: სოციალურ მეცნიერებათა ბიზნესისა და სამართალმცოდნეობის ფაკულტეტი
- Relator term: სოციალურ მეცნირებათა დეპარტამენტი
670 ## - SOURCE DATA FOUND
- Source citation: Work cat.: (GE_BSU)47242: მანველიძე, ირაკლი 2014, საერთაშორისო ურთიერთობების საფუძვლები :
